| 000 | 00954nam0a22002651 4500 | ||
|---|---|---|---|
| 001 | rc\3443774 | ||
| 005 | 20130115142702.7 | ||
| 021 |
_aRU _b69-70778 |
||
| 021 |
_aRU _bРг248-70 |
||
| 035 | _a(NLR Aleph) 007569494 | ||
| 090 |
_a5389135 _c5389135 |
||
| 100 | _a20130115d1969 |||y0rusy50 ca | ||
| 101 | 0 | _arus | |
| 102 | _aRU | ||
| 105 | _aa z ||||| | ||
| 200 | 1 |
_aЭлектронные приборы _eКонспект лекций _fСарат. высш. командно-инж. Краснознам. ордена Красной Звезды училище им. Героя Советского Союза ген.-майора А.И. Лизюкова |
|
| 210 |
_aСаратов _cБ. и. _d1969 |
||
| 215 |
_a164 с. _cил. _d22 |
||
| 309 | _aОтпеч. множит. аппаратом | ||
| 700 | 1 |
_aГлухов _bС. П. |
|
| 801 | 0 |
_aRU _bNLR _gpsbo |
|
| 801 | 1 |
_aRU _bELAR _2rusmarc |
|
| 852 |
_aNLR _j69-5/5348 |
||
| 942 | _cBOOK | ||
| 980 | _aNB | ||